000 00641nam a2200193Ia 4500
003 GCL
008 140319s9999 xx 000 0 ara d
040 _aGCL /
_cGCL
082 0 4 _a956.905
_bل م
100 1 _aليلى عبداللطيف احمد
245 1 0 _aموقف الدولة العثمانية من مطامع اليهود فى فلسطين /
_cليلى عبداللطيف احمد
300 _a55
490 _aكتاب
_v0
650 0 4 _aتاريخ
650 0 4 _aالاحوال السياسية
650 0 4 _aفلسطين
650 0 4 _aالعالم العربى - تاريخ - العصر العثمانى
942 _2ddc
_cBK
999 _c43185
_d43185